[Event "North American-ch U12"]
[Site "Montreal"]
[Date "2010.08.19"]
[Round "7"]
[White "Lim, Matthew"]
[Black "Song, Terry"]
[Result "0-1"]
[WhiteElo "1537"]
[BlackElo "939"]
[PlyCount "90"]
[EventDate "2010.08.16"]
[EventType "swiss"]
[EventRounds "7"]
[EventCountry "CAN"]
[SourceTitle "EXT 2013"]
[Source "ChessBase"]
[SourceDate "2012.11.22"]
[SourceVersion "1"]
[SourceVersionDate "2012.11.22"]
[SourceQuality "1"]

1. d4 Nf6 2. c4 c5 3. d5 b5 4. cxb5 a6 5. bxa6 g6 6. Nc3 Bxa6 7. e4 Bxf1 8. Kxf1 d6 9. g3 Bg7 10. Kg2 0-0 11. h3 Nbd7 12. Nf3 Qb6 13. Qc2 Rfb8 14. a3 Qb7 15. Rb1 Ne8 16. Bd2 Ne5 17. Nxe5 Bxe5 18. b4 Qc7 19. Rb3 c4 20. Rb2 Rxa3 21. Ra2 Rxa2 22. Nxa2 c3 23. Bxc3 Bxc3 24. Nxc3 Rxb4 25. Ra1 Nf6 26. f3 Rc4 27. Ra3 Kg7 28. g4 Nd7 29. Qb2 f6 30. Qa1 Qc5 31. Kg3 Ne5 32. Na4 Qb4 33. Qb2 Qe1+ 34. Qf2 Qa5 35. Qa2 g5 36. Kg2 Qe1 37. Qf2 Qc1 38. Ra2 Nd3 39. Qf1 Nf4+ 40. Kg1 Nxh3+ 41. Kg2 Nf4+ 42. Kg1 Qe3+ 43. Kh2 Rc1 44. Qf2 Qb3 45. Qb2 Qd1 0-1